| 000 | 01028nam a2200217 i 4500 | ||
|---|---|---|---|
| 001 | 182931 | ||
| 003 | ES-MaACL | ||
| 005 | 20250929063301.0 | ||
| 008 | 131217s1767 fr f |||| | fre d | ||
| 100 | 1 |
_aGarsault, François Alexandre Pierre de, _d1691-1778 _9154002 |
|
| 245 | 1 | 0 |
_aArt du perruquier, contenant la façon de la barbe, la coupe des cheveux, la construction des perruques d'hommes et de femmes, le perruquier en vieux et le baigneur-étuviste / _cpar M. de Garsault. |
| 260 |
_a[Paris : _bs.n.], _c1767. |
||
| 300 |
_aVI, 44 p.,5 lám. ; _c44 cm. |
||
| 490 | 1 | _aDescriptions des arts et métiers faites ou approuvées par Messieurs de l'Académie Royale des Sciences | |
| 530 | _aDisponible en formato digital. | ||
| 650 | 4 |
_aPeluquería- _vObras anteriores a 1800. _9154020 |
|
| 830 | 0 | 0 |
_aDescriptions des arts et métiers _9241750 |
| 852 |
_aES-MaACL _jR-61(4) _xOlim: C-10827-70 |
||
| 856 |
_uhttp://gallica.bnf.fr/ark:/12148/bpt6k1067624g?rk=42918;4 _zBNF-Gallica |
||
| 999 |
_c182931 _d182931 |
||